000 00728nam a22001937a 4500
005 20251108172954.0
008 250721s2004 xx 000 0 ara d
082 1 4 _a363.2/ تقر
245 1 0 _aالتقرير الإحصائي السنوي لحوادث عام 2003 /
264 1 _aعمان :
_bالمديرية العامة للدفاع المدني،
_c2004.
300 _a233 ص.
490 0 _aالمديرية العامة للدفاع المدني إدارة العمليات
_v8
650 1 7 _aالحوادث
650 1 7 _aالتقرير
650 1 7 _aالدفاع المدني
710 2 _aالمديرية العامة للدفاع المدني-إدارة العمليات-
942 _2ddc
_cBK
999 _c93088
_d93088